Name a Mercury Prize Nomination per Year - Statistics

General Stats
  • This quiz has been taken 15 times
    4 since last reset
  • The average score is 31 of 34
Answer Stats
Year Albums Artists % Correct
2005 I Am A Bird Now
Silent Alarm
X&Y
Thunder, Lightning, Strike
Fi
Employment
Kitty Jay
The Magic Numbers
A Certain Trigger
Arular
Held on the Tips of Fingers
Eye to the Telescope
Antony and the Johnsons
Bloc Party
Coldplay
The Go! Team
Hard
The Kaiser Chiefs
Seth Lakeman
The Magic Numbers
Maximo Park
MIA
Polar Bear
KT Tunstall
100%
2006 Whatever People Say I Am, That's What I'm Not
Ballad Of The Broken Seas
The Back Room
Through The Windowpane
Coles Corner
The Warning
Black Holes And Revelations
Melting Pot
Beloved One
White Bread, Black Beer
This Is My Demo
The Eraser
Arctic Monkeys Isobel Campbell
Mark Lanegan
Editors
Guillemots
Richard Hawley
Hot Chip
Muse
Zoe Rahman
Lou Rhodes
Scritti Politti
Sway
Thom Yorke
100%
2000 The Hour Of Bewilderbeast
Alone With Everybody
Parachutes
Sincere
The Contino Sessions
The Great Eastern
Lost Souls
How To Steal The World
Rhythm And Stealth
Violin Concerto
Beyond Skin
Little Black Numbers
Badly Drawn Boy
Richard Ashcroft
Coldplay
M.J. Cole
Death In Vegas
The Delgados
Doves
Helicopter Girl
Leftfield
Nicholas Maw
Nitin Sawhney
Kathryn Williams
100%
2025 Euro-Country Weirdo Eusexua Romance In Limerence Hamstrings & Hurricanes Transform Me Then Into a Fish Afrikan Alien Fancy That More. People Watching The Clearing CMAT Emma-Jean Thackay FKA Twigs Fontaines D.C. Jacob Alon Joe Webb Martin Carthy Pa Salieu PinkPantheress Pulp Sam Fender Wolf Alice
100%
2003 Boy In Da Corner
Vehicles and Animals
Anglicana
A Rush Of Blood To The Head
Permission to Land
Floetic
Lost Horizons
Conversations with the Unseen
Hail To The Thief
So Much For The City
Bird
Untitled
Dizzee Rascal
Athlete
Eliza Carthy
Coldplay
The Darkness
Floetry
Lemon Jelly
Soweto Kinch
Radiohead
The Thrills
Martina Topley
Terri Walker
100%
2008 The Seldom Seen Kid
19
Do You Like Rock Music?
Untrue
Shine
The Age of the Understatement
Alas, I Cannot Swim
Stainless Style
Raising Sand
Knee Deep in the North Sea
In Rainbows
The Bairns
Elbow
Adele
British Sea Power
Burial
Estelle
The Last Shadow Puppets
Laura Marling
Neon Neon
Robert Plant
Alison Krauss
Portico Quartet
Radiohead
The Unthanks
100%
2004 Franz Ferdinand
Kish Kash
Dear Catastrophe Waitress
Thank You
Hopes And Fears
Final Straw
The Soul Sessions
A Grand Don't Come For Free
Upwards
Frank
Cuckooland
Who Killed the Zutons
Franz Ferdinand
Basement Jaxx
Belle And Sebastian
Jamelia
Keane
Snow Patrol
Joss Stone
The Streets
Ty
Amy Winehouse
Robert Wyatt
The Zutons
100%
2013 Overgrown
AM
The Next Day
Jake Bugg
Settle
Holy Fire
Immunity
Once I Was an Eagle
Sing to the Moon
Home
Silence Yourself
Awayland
James Blake
Arctic Monkeys
David Bowie
Jake Bugg
Disclosure
Foals
Jon Hopkins
Laura Marling
Laura Mvula
Rudimental
Savages
Villagers
100%
2007 Myths of the Near Future
Favourite Worst Nightmare
Basquiat Strings
Fur and Gold
Maths + English
We Can Create
Fantastic Playroom
The End of History
Panic Prevention
Hats Off to the Buskers
Back to Black
Voices of Animals and Men
Klaxons
Arctic Monkeys
Basquiat Strings
Seb Rochford
Bat for Lashes
Dizzee Rascal
Maps
New Young Pony Club
Fionn Regan
Jamie T
The View
Amy Winehouse
Young Knives
100%
2022 Sometimes I Might Be Introvert
Forest Floor
Tresor
Harry's House
For All Our Days That Tear the Heart
Skin
Reason to Smile
Supernova
Seventeen Going Under
Prioritise Pleasure
Wet Leg
The Overload
Little Simz
Fergus McCreadie
Gwenno
Harry Styles
Jessie Buckley
Bernard Butler
Joy Crookes
Kojey Radical
Nova Twins
Sam Fender
Self Esteem
Wet Leg
Yard Act
100%
1994 Elegant Slumming
Parklife
Head Like A Rock
What Silence Knows
The Piano Concerto and MGV
Music For The Jilted Generation
His 'n' Hers
Everything Changes
Troublegum
Wild Wood
M People
Blur
Ian McNabb
Shara Nelson
Michael Nyman
The Prodigy
Pulp
Take That
Therapy?
Paul Weller
100%
2011 Let England Shake
21
James Blake
Anna Calvi
Build a Rocket Boys!
Man Alive
Peanut Butter Blues & Melancholy Jam
On a Mission
Diamond Mine
The English Riviera
Good Days At Schloss Elmau
Disc-Overy
PJ Harvey
Adele
James Blake
Anna Calvi
Elbow
Everything Everything
Ghostpoet
Katy B
King Creosote
Jon Hopkins
Metronomy
Gwilym Simcock
Tinie Tempah
100%
2001 Songs From The City, Stories From The Sea
Rooty
Asleep At The Back
Felt Mountain
Gorillaz
Here Be Monsters
Tom Mcrae
Amnesiac
Salt Rain
Rings Around The World
The Optimist LP
Simple Things
PJ Harvey
Basement Jaxx
Elbow
Goldfrapp
Gorillaz
Ed Harcourt
Tom Mcrae
Radiohead
Shusheela Ramen
Super Furry Animals
Turin Brakes
Zero 7
100%
1995 Dummy
Into The Blue
Elastica
To Bring You My Love
Leftism
Seven Last Words From The Cross
Days Like This
Definitely Maybe
I Should Coco
Maxinquaye
Portishead
Guy Barker
Elastica
PJ Harvey
Leftfield
James MacMillan
Van Morrison
Oasis
Supergrass
Tricky
100%
1992 Screamadelica
Soul Murder
Honey's Dead
Celebration
Foxbase Alpha
Stars
The Protecting Veil
Achtung Baby
Rising Above Bedlam
Road To Freedom
Primal Scream
Barry Adamson
Jesus & Mary Chain
Bheki Mseleku
St Etienne
Simply Red
John Taverner
Steven Isserlis
U2
Jah Wobble
The Young Disciples
100%
1996 Different Class
Help
It's Great When You're Straight
Everything Must Go
The Beltane Fire / Caroline Mathilde
Return of the Mack
(What's The Story) Morning Glory?
Modern Day Jazz Stories
Norma Waterson
Second Toughest In The Infants
Pulp
Artists for War Child
Black Grape
Manic Street Preachers
Peter Maxwell Davies
The BBC Philharmonic
Mark Morrison
Oasis
Courtney Pine
Norma Waterson
Underworld
100%
1997 New Forms
Dig Your Own Hole
Anthony
Trailer Park
Vanishing Point
The Fat Of The Land
OK Computer
Spice
Coming Up
Svyati
Roni Size/Reprazent
The Chemical Brothers
Mark
Beth Orton
Primal Scream
The Prodigy
Radiohead
The Spice Girls
Suede
John Taverner
100%
2016 Konnichiwa
Hopelessness
The Bride
Blackstar
Channel the Spirits
Made in the Manor
Love & Hate
The Dreaming Room
I Like It When You Sleep
A Moon Shaped Pool
Adore Life
Making Time
Skepta
Anohni
Bat for Lashes
David Bowie
The Comet Is Coming
Kano
Michael Kiwanuka
Laura Mvula
The 1975
Radiohead
Savages
Jamie Woon
100%
2009 Speech Therapy
Two Suns
Lungs
Friendly Fires
Glasvegas
Sea Sew
Primary Colours
The Invisible
West Ryder Pauper Lunatic Asylum
La Roux
Sensible Shoes
Twice Born Men
Speech Debelle
Bat for Lashes
Florence + the Machine
Friendly Fires
Glasvegas
Lisa Hannigan
The Horrors
The Invisible
Kasabian
La Roux
Led Bib
Sweet Billy Pilgrim
100%
1993 Suede
No Reservations
New Wave
Jesus' Blood Never Failed Me Yet
So Close
Rid Of Me
Republic
Connected
Ten Summoner's Tales
Portraits Plus
Suede
Apache Indian
The Auteurs
Gavin Bryars
Dina Carroll
P.J. Harvey
New Order
Stereo MC's
Sting
Stan Tracey
100%
1999 OK Asyla Be Where You Are 13 Bengali Bantam Youth Experience Surrender Sunday 8pm This Is My Truth Tell Me Yours Central Reservation Sleepless Performance and Cocktails Beacoup Fish Talvin Singh
Thomas Adès
Denys Baptiste
Blur
Black Star Liner
Chemical Brothers
Faithless
Manic Street Preachers
Beth Orton
Kate Rusby
Stereophonics
Underworld
100%
2014 Dead
Everyday Robots
So Long, See You Tomorrow
One Breath
Total Strife Forever
LP1
V2.0
Jungle
First Mind
In Each and Every One
Royal Blood
Everybody Down
Young Fathers
Damon Albarn
Bombay Bicycle Club
Anna Calvi
East India Youth
FKA twigs
GoGo Penguin
Jungle
Nick Mulvey
Polar Bear
Royal Blood
Kae Tempest
100%
2012 An Awesome Wave
Django Django
Plumb
Standing at the Sky's Edge
Every Kingdom
Home Again
Is Your Love Big Enough?
Ground of its Own
Given to the Wild
ill Manors
Roller Trio
Devotion
alt-J
Django Django
Field Music
Richard Hawley
Ben Howard
Michael Kiwanuka
Lianne La Havas
Sam Lee
The Maccabees
Plan B
Roller Trio
Jessie Ware
75%
2015 At Least for Now
Syro
Matador
Architect
Eska
How Big
Shedding Skin
Hairless Toys
Are You Satisfied?
Before We Forgot How to Dream
My Love Is Cool
In Colour
Benjamin Clementine
Aphex Twin
Gaz Coombes
C Duncan
Eska
Florence + the Machine
Ghostpoet
Róisín Murphy
Slaves
Soak
Wolf Alice
Jamie xx
75%
2024 This Could Be Texas
When Will We Land?
Who Am I
Lives Outgrown
Early Twenties
Brat
Crazymad
Black Rainbows
Bad With Names
On Purpose
Silence Is Loud
Prelude to Ecstasy
English Teacher Barry Can't Swim Berwyn Beth Gibbons Cat Burns Charli XCX CMAT Corinne Bailey Rae corto.alto Ghetts Nia Archives The Last Dinner Party
75%
2023 Where I'm Meant to Be
The Car
Actual Life 3 (January 1 – September 9 2022)
Beautiful and Brutal Yard
That! Feels Good!
I Love You Jennifer B
False Lankum
Hugo
Messy
My 21st Century Blues
Nymph
Heavy Heavy
Ezra Collective
Arctic Monkeys
Fred Again
J Hus
Jessie Ware
Jockstrap
Lankum
Loyle Carner
Olivia Dean
Raye
Shygirl
Young Fathers
75%
1998 Bring It On
Rafi's Revenge
Red Rice
International Velvet
When I Was Born For The 7th Time
Hero
Mezzanine
Decksandrumsandrockandroll
This Is Hardcore
Proverbs & Songs
Urban Hymns
Life Thru A Lens
Gomez
Asian Dub Foundation
Eliza Carthy
Catatonia
Cornershop
4
Massive Attack
Propellerheads
Pulp
John Surman
The Verve
Robbie Williams
75%
2020 Kiwanuka
Fibs
how i'm feeling now
Future Nostalgia
Seeking Thrills
Hoodies All Summer
Spook the Herd
Song for Our Daughter
Dark Matter
Every Bad
Deep Down Happy
Heavy Is the Head
Michael Kiwanuka
Anna Meredith
Charli XCX
Dua Lipa
Georgia
Kano
Lanterns on the Lake
Laura Marling
Moses Boyd
Porridge Radio
Sports Team
Stormzy
75%
2002 A Little Deeper
Soundtrack
Sunshine Hit Me
Heathen
The Coral
The Last Broadcast
Holes In The Wall
Night On My Side
Who I Am
Play
Run Come Save Me
Original Pirate Material
Ms. Dynamite
Guy Barker
The Bees
David Bowie
The Coral
Doves
Electric Soft Parade
Gemma Hayes
Beverley Knight
Joanna MacGregor
Roots Manuva
The Streets
75%
2017 Process
Relaxer
Love in the 4th Dimension
Blossoms
Yesterday's Gone
Together
How to Be a Human Being
Common Sense
÷
Gang Signs & Prayer
Let Them Eat Chaos
I See You
Sampha
alt-J
The Big Moon
Blossoms
Loyle Carner
Dinosaur
Glass Animals
J Hus
Ed Sheeran
Stormzy
Kae Tempest
The xx
75%
2010 xx
The Sea
Only Revolutions
Tongue n' Cheek
Total Life Forever
Sky at Night
Golden
I Speak Because I Can
Sigh No More
Becoming a Jackal
Wake Up the Nation
Two Dancers
The xx
Corinne Bailey Rae
Biffy Clyro
Dizzee Rascal
Foals
I Am Kloot
Kit Downes Trio
Laura Marling
Mumford & Sons
Villagers
Paul Weller
Wild Beasts
75%
2018 Visions of a Life
Tranquility Base Hotel & Casino
A Fever Dream
Everything Is Recorded
High as Hope
Lost & Found
The Ooz
No Shame
Holiday Destination
Who Built the Moon?
Novelist Guy
Your Queen Is a Reptile
Wolf Alice
Arctic Monkeys
Everything Everything
Everything Is Recorded
Florence + the Machine
Jorja Smith
King Krule
Lily Allen
Nadine Shah
Noel Gallagher's High Flying Birds
Novelist
Sons of Kemet
75%
2021 Collapsed in Sunbeams
Demotape/Vega
For the First Time
Not Your Muse
Promises
Conflict of Interest
Fir Wave
Pink Noise
As the Love Continues
Source
Untitled (Rise)
Blue Weekend
Arlo Parks
Berwyn
Black Country, New Road
Celeste
Floating Points Pharoah Sanders
London Symphony Orchestra
Ghetts
Hannah Peel
Laura Mvula
Mogwai
Nubya Garcia
Sault
Wolf Alice
50%
2019 Psychodrama
Hunter
Schlagenheim
Reward
Everything Not Saved Will Be Lost
Dogrel
Joy as an Act of Resistance
Grey Area
Saturn
Driftglass
Nothing Great About Britain
A Brief Inquiry into Online Relationships
Dave
Anna Calvi
Black Midi
Cate Le Bon
Foals
Fontaines D.C.
Idles
Little Simz
Nao
SEED Ensemble
slowthai
The 1975
50%
No matching quizzes found
Score Distribution
Percent of People with Each Score
Percentile by Number Answered
Your Score History
You have not taken this quiz since the last reset